Recibidores y el café en Costa Rica = Coffee receiving stations in Costa Rica (Registro nro. 7988)
[ vista simple ]
| 000 -Cabecera | |
|---|---|
| Campo de control de longitud fija | 00746aam a2200277 4500 |
| 005 - Fecha y hora de la última transacción | |
| Campo de control | 20231123144120.0 |
| 008 - Elementos de longitud fija--Información general | |
| Campo de control de longitud fija | 150909b2004 xxu||||| |||| 00| 0 spa d |
| 020 ## - International Standard Book Number | |
| Número Internacional Estándar del Libro (ISBN) | 9968994618 |
| 041 ## - Idioma | |
| Código de idioma | Español |
| 041 ## - Idioma | |
| Código de idioma | Inglés |
| 082 ## - Clasificación Decimal Dewey | |
| Número de clasificación | 633.73 U26r |
| 100 ## - Entrada principal--Autor personal | |
| Nombre personal | Ugarte Espinoza, Jimena |
| 9 (RLIN) | 8230 |
| 245 ## - Título propiamente dicho | |
| Título | Recibidores y el café en Costa Rica = Coffee receiving stations in Costa Rica |
| 260 ## - Pie de imprenta | |
| Lugar de publicación, distribución, etc. | Costa Rica |
| 260 ## - Pie de imprenta | |
| Nombre del editor, distribuidor, etc. | Instituto de Arquitectura Tropical |
| 260 ## - Pie de imprenta | |
| Fecha de publicación, distribución, etc. | 2004 |
| 300 ## - Descripción física | |
| Extensión | 240 páginas |
| 650 ## - Materia general | |
| Temática (materia general) | CULTIVOS DE CAMPO Y PLANTACIÓN |
| 650 ## - Materia general | |
| Temática (materia general) | CULTIVOS ALCALOIDEOS |
| 650 ## - Materia general | |
| Temática (materia general) | CAFÉ |
| 650 ## - Materia general | |
| Temática (materia general) | HISTORIA |
| 650 ## - Materia general | |
| Temática (materia general) | ARQUITECTURA RURAL |
| 650 ## - Materia general | |
| Temática (materia general) | RECIBIDORES DE CAFÉ |
| 942 ## - Punto de acceso adicional KOHA | |
| Tipo de ítem KOHA | Libro |
| Fuente del sistema de clasificación o colocación | Dewey Decimal Classification |
| Signatura completa | Código de barras | Programa Académico | Tipo de ítem |
|---|---|---|---|
| 633.73 U26r | 17029 | Turismo | Libro |